00520 2200193 4500245006600000020002200066250001100088100001900099700002700118650002100145650001000166005001900176260004400195041001400239084001000253300002000263490003400283336000900317 aKisah-Kisah Monyet dan Binatang LainnyacSastri SunartihText a978-623-00-3031-4 aCet. 1 aSastri Sunarti aKautsar Nadhim Novaldi aCerita Bergambar aEbook a20241028113937 aJakartabPT elex media Komputindoc2021 aIndonesia a741.5 a34 hlm :bpdf ; aSeri Antologi Fabel Nusantara atext